Normal view MARC view
  • KUMAR, DR. A PRASANNA VEERA

Entry Personal Name

Number of records used in: 1

001 - CONTROL NUMBER

  • control field: 8760

003 - CONTROL NUMBER IDENTIFIER

  • control field: JRU

005 - DATE AND TIME OF LATEST TRANSACTION

  • control field: 20251121123004.0

008 - FIXED-LENGTH DATA ELEMENTS

  • fixed length control field: 251121|| aca||aabn | a|a d

040 ## - CATALOGING SOURCE

  • Original cataloging agency: JRU
  • Transcribing agency: JRU

100 ## - HEADING--PERSONAL NAME

  • Personal name: KUMAR, DR. A PRASANNA VEERA

670 ## - SOURCE DATA FOUND

  • Source citation: Work cat.: (JRU)8935: KUMAR, DR. A PRASANNA VEERA, COMPETENCY BASED HUMAN ANATOMY AS PER REVISED NMC CURRICULAM [VOL-I], 2025